Diseño del sistema de abastecimiento de agua potable y letrinas sanitarias para la comunidad el Boniche, municipio de San Sebastián de Yalí, Jinotega

Presenta el Diseño del sistema de abastecimiento de agua potable y letrinas sanitarias para la comunidad el Boniche, municipio de San Sebastián de Yalí, Jinotega, se elaboró un diagnóstico del entorno en que se realizó la obra en el cual se incluye el sentir de la población con el sistema de...

Full description

Bibliographic Details
Main Author: Zamora Talavera, Daysi Lisseth
Other Authors: Tutor: Tirado Picado, Víctor Rogelio
Format: Tesis Section = Libro
Language:Undetermined
Spanish
Published: Managua UNI 2015
Subjects:
LEADER 01447nam a2200277Ia 4500
008 240830s9999 xx 000 0 und d
040 |a BIBLIOTECA-RUPAP Mon 628.1 Z25 
041 |a spa 
082 |a Mon 628.1 Z25 
100 1 |a Zamora Talavera, Daysi Lisseth 
245 1 0 |a Diseño del sistema de abastecimiento de agua potable y letrinas sanitarias para la comunidad el Boniche, municipio de San Sebastián de Yalí, Jinotega 
260 |a Managua  |b UNI  |c 2015 
300 |a 220 p. :il. 
500 |a Contiene: anexos e Incluye: CD. 
502 |a Tesis (Ingeniero Civil)- UNI, 2015. 
520 3 |a Presenta el Diseño del sistema de abastecimiento de agua potable y letrinas sanitarias para la comunidad el Boniche, municipio de San Sebastián de Yalí, Jinotega, se elaboró un diagnóstico del entorno en que se realizó la obra en el cual se incluye el sentir de la población con el sistema de agua potable, se efectuó un análisis físico químico y bacteriológico de la fuente seleccionada mediante la toma de muestras de agua llevadas al centro de investigación de los recursos acuáticos UNAN – CIRA. 
650 7 |a ABASTECIMIENTO DE AGUA POTABLE 
650 7 |b AGUA POTABLE 
650 7 |c SANEAMIENTO – AGUA 
650 7 |d INGENIERIA SANITARIA 
650 7 |e DISEÑO HIDRAULICO 
650 7 |f CALIDAD DEL AGUA 
700 1 |a Tutor:  |b Tirado Picado, Víctor Rogelio 
942 |c BK  |2 ddc 
991 |a TESIS 
999 |c 16244